Plus longs réseaux de métro du monde - Statistiques

Statistiques générales
  • Ce quiz a été pris 39 fois
  • Le résultat moyen est 14 sur 25
Statistiques - réponses
Classement Pays Longueur du réseau (km) Réponse % Correct
2 Chine 786 Beijing
100%
11 Royaume-Uni 402 Londres
100%
18 Espagne 289 Madrid
100%
12 États-Unis 399 New York
95%
22 France 246 Paris
95%
13 Corée du Sud 353 Séoul
95%
9 Russie 462 Moscou
92%
23 Turquie 243 Istanbul
89%
14 Inde 351 Delhi
87%
1 Chine 802 Shanghai
84%
24 Singapour 241 Singapour
84%
20 Iran 274 Téhéran
74%
3 Chine 617 Guangzhou
58%
10 Chine 461 Wuhan
50%
5 Chine 547 Shenzhen
34%
16 Chine 311 Xi'an
32%
8 Chine 490 Chongqing
29%
4 Chine 562 Chengdu
26%
17 Chine 301 Tianjin
26%
6 Chine 521 Nanjing
16%
7 Chine 516 Hangzhou
13%
15 Chine 342 Qingdao
13%
25 Chine 238 Dalian
11%
19 Chine 286 Suzhou
8%
21 Chine 261 Zhengzhou
8%
Aucun quiz correspondant
Distribution des résultats
% des personnes avec chaque résultat
Percentile par nombre de réponses
Votre historique - résultats
Vous n’avez pas pris ce quiz